Actos culturales en el Museo del vino / Luis Ma Udina
Publicado:
San Jorge, núm. 75 (3r trimestre 1969), pàg 39 :
MARC
| LEADER | 00000nam a2200000Ia 4500 | ||
|---|---|---|---|
| 001 | |||
| 008 | 160829s9999 xx 000 0 cat d | ||
| 100 | 1 | |a Udina Castell, Lluís Maria, |d 1938-2010 |9 21618 | |
| 245 | |a Actos culturales en el Museo del vino / Luis Ma Udina | ||
| 260 | |a San Jorge, núm. 75 (3r trimestre 1969), pàg 39 | ||
| 650 | |a Museu del Vi (Vilafranca del Penedès) |x Activitats culturals |9 40218 | ||
| 901 | |a Arxiu | ||
| 942 | |n 1 | ||
| 952 | |0 0 |1 0 |4 0 |7 1 |9 49496 |a Arxiu |b Arxiu |d 2016-12-01 |l 0 |r 2016-12-01 00:00:00 |w 2016-12-01 |y ARXIU | ||
| 999 | |c 53338 |d 53338 | ||